Top 10 des plus gros pays d'Europe - Statistiques

Statistiques générales
  • Ce quiz a été pris 819 fois
  • Le résultat moyen est 8 sur 10
Statistiques - réponses
Hint Réponse % Correct
#3 France
99%
#4 Espagne
96%
#6 Allemagne
94%
#0 Italie
93%
#1 Russie
87%
#5 Suède
76%
#2 Ukraine
76%
#9 Pologne
75%
#8 Norvège
71%
#7 Finlande
69%
Aucun quiz correspondant
Distribution des résultats
% des personnes avec chaque résultat
Percentile par nombre de réponses
Votre historique - résultats
Vous n’avez pas pris ce quiz